| 000 | 00901nam a2200265Ia 4500 | ||
|---|---|---|---|
| 003 | OSt | ||
| 005 | 20221005111622.0 | ||
| 006 | a|||||r|||| 00| 0 | ||
| 007 | ta | ||
| 008 | 221004b |||||||| |||| 00| 0 hin d | ||
| 024 | _a32159 | ||
| 037 | _cTextual | ||
| 040 |
_aCRL _cCRL _bhin |
||
| 041 |
_2hin _ahin |
||
| 082 | _aO152,1H50x, N3 | ||
| 100 | _aबेनीपुरी, रामवृक्ष | ||
| 245 | 0 | _aविद्यापति की पदावली | |
| 246 | _aVidyāpati kī padāvalī | ||
| 260 |
_aपटना _bपुस्तक भंडार भारत _c1993 |
||
| 490 | _vप्रथम भाग | ||
| 650 | _a हिन्दी साहित्य | ||
| 650 | _aहिन्दी कविता | ||
| 942 |
_hO152,1H50x, N3 _cTEXL _2cc |
||
| 999 |
_c1022372 _d1022372 |
||